000 00367nam a2200157Ia 4500
003 LK-CoDNM
008 010623t1987 xxu||||| |||| 00| 1 eng d
040 _aLK-CoDNM
_dLK-CoDNM
_eLK-CoDNM
041 _aeng
080 _a75(9)
245 _aHow to draw sketch
260 _bMacdonald Co Ltd
_aLondon
_c1987
300 _b32, 30 cm
650 _aArt
942 _cBK
999 _c113548
_d113548